000 00511nam a2200181Ia 4500
008 090123s9999 xx 000 0 und d
082 _b13965
_a891.463/कर्णिक
100 _aकर्णिक हेमन
245 _aकिलर
250 _a1
260 _bमनमोहिनी प्रकाशन
300 _a150
600 _aकर्णिक हेमन
630 _aकिलर
700 _aकर्णिक हेमन
730 _aकिलर
942 _cBOOK
999 _c52027
_d52027